[Event "Skopje ol (Men) fin-A"]
[Site "Skopje"]
[Date "1972.09.30"]
[Round "4.1"]
[White "Donner, Jan Hein"]
[Black "Gligoric, Svetozar"]
[Result "1/2-1/2"]
[WhiteElo "2470"]
[BlackElo "2575"]

1. d4 Nf6 2. c4 g6 3. g3 c6 4. Bg2 d5 5. cxd5 cxd5 6. Nf3 Bg7 7. O-O O-O 8. Nc3  Nc6 9. Ne5 e6 10. Bf4 Nxe5 11. Bxe5 Bd7 1/2-1/2

[Event "Skopje ol (Men) fin-A"]
[Site "Skopje"]
[Date "1972.09.30"]
[Round "4.1"]
[White "Kavalek, Lubomir"]
[Black "Jakobsen, Ole"]
[Result "1-0"]
[WhiteElo "2555"]
[BlackElo "2440"]

1. e4 c5 2. Nf3 e6 3. d3 Nc6 4. g3 g6 5. Bg2 Bg7 6. O-O Nge7 7. Re1 d6 8. c3 e5  9. a3 O-O 10. b4 Be6 11. Be3 b6 12. Nbd2 h6 13. b5 Na5 14. d4 cxd4 15. cxd4 Qd7  16. d5 Bg4 17. Qa4 Rac8 18. Rac1 Rxc1 19. Rxc1 Rc8 20. Nc4 Nxc4 21. Rxc4 Rxc4  22. Qxc4 Qc8 23. Qb4 Qc7 24. Nd2 Be2 25. Bf1 Bxf1 26. Kxf1 f5 27. f3 Kh7 28. a4  fxe4 29. fxe4 Bf6 30. Qc4 Qxc4+ 31. Nxc4 Nc8 32. Ke2 Bd8 33. Na3 Bc7 34. Nc2  Kg7 35. Nb4 Kh7 36. Nc6 Kg7 37. Kd3 h5 38. Kc4 Kf7 39. a5 bxa5 40. Nxa7 Nb6+  41. Bxb6 Bxb6 42. Nc8 1-0

[Event "Skopje ol (Men) fin-A"]
[Site "Skopje"]
[Date "1972.09.30"]
[Round "4.1"]
[White "Petrosian, Tigran V"]
[Black "Bobotsov, Milko G"]
[Result "1/2-1/2"]
[WhiteElo "2645"]
[BlackElo "2455"]

1. c4 Nf6 2. Nc3 e6 3. Nf3 d5 4. d4 Be7 5. Bg5 h6 6. Bh4 O-O 7. e3 Ne4 8. Bxe7  Qxe7 9. cxd5 Nxc3 10. bxc3 exd5 11. Qb3 c6 12. Bd3 Nd7 13. O-O Nf6 14. Rfe1 Be6  15. a4 c5 16. Qb5 Rfc8 17. Nd2 Rc7 18. a5 Rac8 1/2-1/2

[Event "Skopje ol (Men) fin-A"]
[Site "Skopje"]
[Date "1972.09.30"]
[Round "4.1"]
[White "Portisch, Lajos"]
[Black "Schmidt, Wlodzimierz"]
[Result "1-0"]
[WhiteElo "2640"]
[BlackElo "2450"]

1. d4 Nf6 2. c4 g6 3. Nc3 d5 4. Bf4 Bg7 5. Rc1 O-O 6. e3 c5 7. dxc5 Be6 8. Nf3  Nc6 9. Be2 Ne4 10. O-O Bxc3 11. bxc3 dxc4 12. Nd4 Nxc5 13. Bh6 Re8 14. Nxe6  Nxe6 15. Bxc4 Nc5 16. Qe2 Qa5 17. f4 Ne4 18. Bxf7+ Kxf7 19. Qc4+ e6 20. Qxe4  Qxa2 21. Rcd1 Rad8 22. Bg5 Rd2 23. c4 Qa5 24. Qb1 Rxd1 25. Rxd1 Qc7 26. h4 Na5  27. Qb5 Nc6 28. Qb2 e5 29. Rd5 exf4 30. exf4 Kg8 31. Qd2 Nb8 32. Bh6 Qxc4 33.  h5 Kf7 34. Rg5 Re2 35. hxg6+ hxg6 36. Qd6 1-0

[Event "Skopje ol (Men) fin-A"]
[Site "Skopje"]
[Date "1972.09.30"]
[Round "4.1"]
[White "Rossetto, Hector"]
[Black "Hug, Werner"]
[Result "1/2-1/2"]
[WhiteElo "2465"]
[BlackElo "2475"]

1. d4 Nf6 2. Nc3 d5 3. Bg5 e6 4. e4 Bb4 5. e5 h6 6. Bd2 Bxc3 7. bxc3 Ne4 8. Bd3  f5 9. exf6 Qxf6 10. Qh5+ Qf7 11. Qxf7+ Kxf7 12. f4 Nd7 13. Nf3 Rf8 14. O-O Kg8  15. Rae1 Ndf6 16. c4 a5 17. c5 Bd7 18. Rb1 Bc6 19. g3 Nd7 20. Be1 Ra7 21. Kg2  b6 22. cxb6 cxb6 23. Nh4 Rb7 24. Ng6 Re8 25. h4 h5 26. Kh3 Kh7 27. Ne5 Nxe5 28.  fxe5 Kg8 29. Rf4 b5 30. Bxa5 Ra7 31. Bb4 Rxa2 32. g4 hxg4+ 33. Kxg4 Ra4 34. h5  Rea8 35. Re1 R4a7 36. Kh4 Rf7 37. Rxf7 Kxf7 38. Rf1+ Kg8 39. Be2 Ra4 40. Rb1  Be8 41. Bd3 Bc6 1/2-1/2

[Event "Skopje ol (Men) fin-A"]
[Site "Skopje"]
[Date "1972.09.30"]
[Round "4.2"]
[White "Bednarski, Jacek B"]
[Black "Bilek, Istvan"]
[Result "1/2-1/2"]
[WhiteElo "2395"]
[BlackElo "2485"]

1. Nf3 Nf6 2. c4 b6 3. e3 Bb7 4. Be2 e6 5. O-O d5 6. b3 Be7 7. Bb2 O-O 8. d4  Nbd7 9. Bd3 c5 10. Qe2 Rc8 11. Nc3 cxd4 12. exd4 Re8 13. Rfd1 Bf8 14. Ne5 g6  15. cxd5 Nxd5 16. Nxd5 Bxd5 17. Bb5 1/2-1/2

[Event "Skopje ol (Men) fin-A"]
[Site "Skopje"]
[Date "1972.09.30"]
[Round "4.2"]
[White "Jansson, Borje"]
[Black "Ciocaltea, Victor"]
[Result "1/2-1/2"]
[WhiteElo "2410"]
[BlackElo "2470"]

1. Nf3 g6 2. e4 Bg7 3. d4 c6 4. Nc3 d5 5. h3 Nh6 6. e5 f6 7. Bf4 O-O 8. Qd2 Nf7  9. Bd3 fxe5 10. Nxe5 Nd7 11. Nxd7 Bxd7 12. Ne2 e5 13. dxe5 Nxe5 14. O-O Qb6 15.  Kh1 Rae8 16. Be3 c5 17. c3 d4 18. cxd4 Nxd3 19. Qxd3 Bb5 20. Qb3+ Kh8 21. dxc5  Qa6 22. Ng3 Bc4 23. Qd1 Bxf1 24. Nxf1 Bxb2 25. Rb1 Bg7 26. Qb3 Re7 27. Nd2 h6  28. Nc4 Kh7 29. Rd1 Re4 30. Nd6 Ra4 31. Rd2 Ra3 32. Qxb7 Qf1+ 33. Kh2 Rxe3 34.  fxe3 Qe1 35. Nc4 Qc1 36. Qd5 Rf5 37. Rd1 Qc2 38. Qd3 Qxa2 39. Rd2 Qa1 40. Rd1  Qa2 41. Qe4 1/2-1/2

[Event "Skopje ol (Men) fin-A"]
[Site "Skopje"]
[Date "1972.09.30"]
[Round "4.2"]
[White "Ljubojevic, Ljubomir"]
[Black "Zuidema, Coenraad"]
[Result "1-0"]
[WhiteElo "2550"]
[BlackElo "2430"]

1. f4 d5 2. Nf3 Nf6 3. e3 c5 4. b3 Nc6 5. Bb5 Bd7 6. Bb2 e6 7. O-O Be7 8. a4  O-O 9. Ne5 Nxe5 10. fxe5 Ne8 11. Bd3 Bc6 12. Qg4 g6 13. Nc3 Ng7 14. Rf4 c4 15.  bxc4 dxc4 16. Rxc4 Qa5 17. Ne4 Bxe4 18. Qxe4 Nf5 19. Bc3 1-0

[Event "Skopje ol (Men) fin-A"]
[Site "Skopje"]
[Date "1972.09.30"]
[Round "4.2"]
[White "Malich, Burkhard"]
[Black "Hecht, Hans Joachim"]
[Result "1/2-1/2"]
[WhiteElo "2490"]
[BlackElo "2485"]

1. c4 e5 2. Nc3 Nf6 3. Nf3 Nc6 4. g3 Bb4 5. Bg2 Bxc3 6. bxc3 O-O 7. O-O d6 8.  d3 e4 9. Nd4 exd3 10. exd3 Nxd4 11. cxd4 d5 12. Bg5 h6 13. Bxf6 Qxf6 14. cxd5  Bd7 15. Qb3 Rab8 16. Rac1 Qd6 17. Rfe1 Rfe8 18. Rxe8+ Bxe8 19. Qc4 Bd7 20. Qc5  b6 21. Qxd6 cxd6 22. Rc7 Rd8 23. Rxa7 Kf8 24. h4 Ke8 25. Be4 Rc8 26. Ra6 Rb8  27. Kf1 Kd8 28. Ra7 Kc8 29. Ke2 Rb7 30. Ra3 Kb8 31. Rb3 Kc7 32. Ke3 Ra7 33. a3  Ra5 34. Bf3 Rb5 35. Rc3+ Kd8 36. Bh5 g6 37. Bd1 Rb1 38. Kd2 Rb2+ 39. Bc2 g5 40.  hxg5 hxg5 41. Kc1 Rb5 42. Bb3 Ra5 43. Kb2 Ra7 44. Rc1 Bb5 45. Bc4 Be8 46. Re1  Ba4 47. Re4 Bd7 48. Re3 Rc7 49. Bb3 Ra7 50. Re1 Ba4 51. Rh1 Bxb3 52. Kxb3 Ra5  53. Rh8+ Ke7 54. Rb8 Rxd5 55. Rxb6 Rf5 56. f4 gxf4 57. gxf4 Rxf4 58. Kc4 Kd7  59. Ra6 Kc7 60. a4 Rf1 61. Ra8 Kb7 62. Re8 Ra1 63. Kd5 Rxa4 64. Re7+ Kc8 65.  Rxf7 Kd8 66. Rh7 Kc8 67. Rg7 Kd8 68. Rb7 Ra6 69. Ke6 d5+ 70. Kxd5 Rh6 71. Kc5  Kc8 72. Ra7 Rh3 73. Kc6 Rh6+ 74. Kc5 Rh3 1/2-1/2

[Event "Skopje ol (Men) fin-A"]
[Site "Skopje"]
[Date "1972.09.30"]
[Round "4.2"]
[White "Schaufelberger, Heinz"]
[Black "Garcia, Raimundo"]
[Result "1/2-1/2"]
[WhiteElo "2340"]
[BlackElo "2420"]

1. c4 g6 2. Nc3 Bg7 3. d4 c5 4. Nf3 cxd4 5. Nxd4 Nc6 6. e3 Nf6 7. Nc2 O-O 8.  Be2 d6 9. O-O Be6 10. e4 Nd7 11. Bd2 Nc5 12. f3 f5 13. exf5 Bxf5 14. Kh1 Nd3  15. b3 Nf4 16. Rc1 Nxe2 17. Nxe2 Bb2 18. Rb1 Be5 19. Bc3 Qb6 20. Qd2 Qa6 21.  Rb2 Bxc2 22. Rxc2 Rf7 23. Rcc1 Bxc3 24. Nxc3 Qa5 25. Rcd1 Qh5 26. Qd5 Qxd5 27.  Rxd5 b6 28. Re1 Raf8 29. Kg1 Rf5 30. Kf2 Rxd5 31. Nxd5 Kf7 32. Re4 e6 33. Nc7  e5 34. Rh4 h5 35. Nd5 Kg7 36. Re4 g5 37. Ke1 Nd4 38. h3 h4 39. Kd2 Ne6 40. Re1  Nf4 41. Nxf4 gxf4 42. Kc3 Kf6 43. Kb4 Rc8 1/2-1/2

[Event "Skopje ol (Men) fin-A"]
[Site "Skopje"]
[Date "1972.09.30"]
[Round "4.2"]
[White "Sloth, Jorn"]
[Black "Bisguier, Arthur Bernard"]
[Result "1-0"]
[WhiteElo "2385"]
[BlackElo "2430"]

1. b3 d5 2. Bb2 Bg4 3. g3 Nc6 4. Bg2 e5 5. c4 d4 6. d3 Bb4+ 7. Nd2 a5 8. a3 Be7  9. Ngf3 Nf6 10. O-O O-O 11. Qc2 Nd7 12. e3 Nc5 13. e4 Qd7 14. Rab1 f6 15. Bc1  Ne6 16. Re1 Kh8 17. Qd1 g5 18. Qe2 Ned8 19. Qf1 Ne6 20. h3 Bh5 21. Nh2 Bf7 22.  Qe2 h5 23. Ndf3 Rg8 24. Kh1 Rg7 25. Ng1 Rag8 26. Bf3 Rh7 27. Bg2 b6 28. Ra1 Bd6  29. Rb1 Qe7 30. Ra1 Be8 31. Qc2 Bd7 32. Ne2 Nb8 33. Ng1 Nc6 34. Qd1 Ncd8 35.  Ra2 Nf8 36. Ne2 Ng6 37. Ng1 Ne6 38. Ne2 g4 39. h4 Nef4 40. gxf4 exf4 41. e5  Bxe5 42. Nxf4 Nxh4 43. Be4 Qd6 44. Qd2 f5 45. Bd5 Re8 46. b4 Rhe7 47. Rg1 Bc6  48. f3 Bxd5 49. Nxd5 Bxh2 50. Qxh2 Qxh2+ 51. Rxh2 Nxf3 52. Rxh5+ Kg7 53. Nxe7  Rxe7 54. Rxf5 Nxg1 55. Kxg1 axb4 56. axb4 Re2 57. Bf4 Kg6 58. Rd5 1-0

[Event "Skopje ol (Men) fin-A"]
[Site "Skopje"]
[Date "1972.09.30"]
[Round "4.2"]
[White "Smejkal, Jan"]
[Black "Medina Garcia, Antonio Angel"]
[Result "1-0"]
[WhiteElo "2545"]
[BlackElo "2380"]

1. c4 Nf6 2. g3 e6 3. Bg2 d5 4. Nf3 Be7 5. O-O O-O 6. d4 Nbd7 7. Qc2 b6 8. cxd5  Nxd5 9. Nc3 Bb7 10. e4 Nb4 11. Qb3 c5 12. Rd1 Qc8 13. dxc5 bxc5 14. Bf1 Nb6 15.  Ne5 Bf6 16. Bf4 Bxe5 17. Bxe5 Nc6 18. Bd6 Nd4 19. Qa3 Nc2 20. Qa5 Nxa1 21. Bxf8  Qxf8 22. Rxa1 f5 23. Qb5 f4 24. Rd1 Rc8 25. Bh3 Qe7 26. Qd3 fxg3 27. hxg3 Re8  28. a4 Bc8 29. Qd6 Kf7 30. Bf1 Qxd6 31. Rxd6 Bb7 32. a5 Ke7 33. e5 Nd5 34. a6  Ba8 35. Nb5 Rd8 36. Nxa7 Rb8 37. Nb5 Nb4 38. Bc4 Bd5 39. a7 Ra8 40. Bxd5 Nxd5  41. Rc6 Kd7 1-0

[Event "Skopje ol (Men) fin-A"]
[Site "Skopje"]
[Date "1972.09.30"]
[Round "4.2"]
[White "Tringov, Georgi P"]
[Black "Korchnoi, Viktor"]
[Result "0-1"]
[WhiteElo "2460"]
[BlackElo "2640"]

1. e4 e6 2. d4 d5 3. Nc3 Bb4 4. e5 c5 5. a3 Bxc3+ 6. bxc3 Ne7 7. a4 Nbc6 8. Nf3  Qa5 9. Qd2 Bd7 10. Bd3 f6 11. O-O fxe5 12. Nxe5 Nxe5 13. dxe5 O-O 14. c4 Qc7  15. Re1 Bc6 16. Qe2 dxc4 17. Bxc4 Bd5 18. Bxd5 Nxd5 19. c4 Ne7 20. Bb2 Rad8 21.  Rad1 Rd7 22. Rd6 Nf5 23. Rxe6 Qc8 24. Rd6 Nxd6 25. exd6 Rdf7 26. f3 Qd7 27. Qd1  Re8 28. Be5 Re6 29. f4 b6 30. Re3 Rf5 31. Rd3 Rf7 32. h3 Re8 33. Rg3 Re6 34.  Rd3 Re8 35. Rg3 Qb7 36. Qd3 Qc6 37. Qc3 Qd7 38. a5 Re6 39. axb6 axb6 40. Qb2  Rxd6 41. Bxd6 Qxd6 0-1

[Event "Skopje ol (Men) fin-A"]
[Site "Skopje"]
[Date "1972.09.30"]
[Round "4.3"]
[White "Forintos, Gyozo V"]
[Black "Pytel, Krzysztof"]
[Result "1/2-1/2"]
[WhiteElo "2495"]
[BlackElo "2380"]

1. Nf3 Nf6 2. c4 b6 3. e3 Bb7 4. Be2 e6 5. O-O d5 6. b3 Be7 7. Bb2 O-O 8. d4  Nbd7 9. Bd3 c5 10. Qe2 Rc8 11. Nc3 cxd4 12. exd4 Re8 13. Rfd1 Bf8 14. Ne5 g6  15. cxd5 Nxd5 16. Nxd5 Bxd5 17. Bb5 Nxe5 18. dxe5 Re7 19. Ba6 Rcc7 20. Rd3 Qa8  21. Ba3 Red7 22. Bxf8 Qxf8 23. Bb5 Rd8 24. Ba6 Qc5 25. Rd2 Rb8 26. Bb5 Qa3 27.  Rad1 Rc1 28. Rxc1 Qxc1+ 29. Rd1 Qc5 30. h3 Rc8 31. Ba6 Rc7 32. Kh2 Kg7 33. Qd2  Qc2 34. Bd3 Qxd2 35. Rxd2 f6 36. exf6+ Kxf6 37. h4 h6 38. Kg3 g5 39. hxg5+ hxg5  40. f3 a5 41. Rd1 1/2-1/2

[Event "Skopje ol (Men) fin-A"]
[Site "Skopje"]
[Date "1972.09.30"]
[Round "4.3"]
[White "Ghitescu, Theodor"]
[Black "Liljedahl, Lennart"]
[Result "0-1"]
[WhiteElo "2450"]
[BlackElo "2260"]

1. c4 e5 2. Nc3 Nc6 3. Nf3 Nf6 4. g3 Bc5 5. d3 d6 6. Bg2 O-O 7. O-O Re8 8. Na4  a6 9. Nxc5 dxc5 10. b3 Nd7 11. Nd2 Nd4 12. e3 Nf5 13. Ne4 Qe7 14. Ba3 Rb8 15.  Bh3 Nh6 16. Bxd7 Qxd7 17. Nxc5 Qc6 18. f3 Bh3 19. Rf2 f5 20. b4 Rbd8 21. Qc2 b6  22. Nb3 e4 23. dxe4 fxe4 24. fxe4 Qxe4 25. Qxe4 Rxe4 26. Bb2 Rxe3 27. Bd4 Re6  28. c5 Ng4 29. Rd2 Rde8 30. Bf2 Nxf2 31. Kxf2 Rf6+ 32. Kg1 Ref8 33. Rdd1 Rf2  34. Nd2 Rg2+ 35. Kh1 Re2 36. Nf1 Bg2+ 37. Kg1 Bc6 0-1

[Event "Skopje ol (Men) fin-A"]
[Site "Skopje"]
[Date "1972.09.30"]
[Round "4.3"]
[White "Martz, William E"]
[Black "Holm, Sejer"]
[Result "1/2-1/2"]
[WhiteElo "2420"]
[BlackElo "2395"]

1. c4 f5 2. d4 g6 3. e3 Bg7 4. f4 Nf6 5. Nf3 O-O 6. Bd3 d6 7. b3 Nc6 8. Bb2 e5  9. dxe5 Ng4 10. Qc1 dxe5 11. Be2 Re8 12. h3 Nxe3 13. Qxe3 exf4 14. Qc1 Qd3 15.  O-O Rxe2 16. Bxg7 Kxg7 17. Qc3+ Ne5 18. Nxe5 Qxc3 19. Nxc3 Rxe5 20. Rae1 Rxe1  21. Rxe1 Kf8 22. Nd5 Bd7 23. Re7 Bc6 24. Rxh7 Bxd5 25. cxd5 Rd8 26. Rxc7 Rxd5  27. Rxb7 Rd1+ 28. Kf2 Rd2+ 29. Kf3 Rxa2 30. Kxf4 Rxg2 31. Rxa7 Rh2 32. Kg3 Rc2  33. Rb7 g5 34. Rb5 1/2-1/2

[Event "Skopje ol (Men) fin-A"]
[Site "Skopje"]
[Date "1972.09.30"]
[Round "4.3"]
[White "Rubinetti, Jorge Alberto"]
[Black "Wirthensohn, Heinz"]
[Result "1-0"]
[WhiteElo "2410"]
[BlackElo "2315"]

1. e4 c5 2. Nf3 d6 3. d4 cxd4 4. Nxd4 Nf6 5. Nc3 a6 6. Bg5 e6 7. f4 Be7 8. Qf3  h6 9. Bh4 Qc7 10. O-O-O Nbd7 11. Be2 Rb8 12. Qg3 b5 13. f5 e5 14. Qxg7 Rg8 15.  Nd5 Qd8 16. Bxf6 Rxg7 17. Bxe7 Qxe7 18. Nxe7 exd4 19. Nxc8 Rxc8 20. g3 Ke7 21.  Rxd4 Rc6 22. Rhd1 Rg8 23. Kb1 Rgc8 24. c3 f6 25. Rf1 Rb6 26. Rf4 Ne5 27. Rh4  Rh8 28. a3 Kf7 29. Bh5+ Kg7 30. Rf4 Rc8 31. Rf1 Kf8 32. Rfd1 Ke7 33. Be2 Nd7  34. Ka2 Nc5 35. Rf1 Nd7 36. Rf4 Ne5 37. Rh4 Rh8 38. Rf4 Kf7 39. Bd1 Rc8 40.  Bb3+ Kg7 41. Kb1 Rcb8 42. Bd1 Rc8 43. Be2 Rcb8 44. Rf1 Kf8 45. Rfd1 Ke7 46.  R1d2 Nd7 47. Bd1 Rc8 48. a4 bxa4 49. Ka2 Nc5 50. Bxa4 Rcb8 51. Bd1 a5 52. Ka3  Rc8 53. Ba4 Ra8 54. Bd1 Rc8 55. Bc2 Ra8 56. Ba4 Rba6 57. Bb5 Rb6 58. Bc4 Rab8  59. Bd5 Ra6 60. Rg2 Nd7 61. Rc4 Nc5 62. g4 Rb3+ 63. Ka2 Rb8 64. h4 Rab6 65. Rd4  Kf8 66. Rdd2 Re8 67. g5 hxg5 68. hxg5 Nxe4 69. g6 Ng5 70. Rxg5 1-0

[Event "Skopje ol (Men) fin-A"]
[Site "Skopje"]
[Date "1972.09.30"]
[Round "4.3"]
[White "Timman, Jan H"]
[Black "Matulovic, Milan"]
[Result "0-1"]
[WhiteElo "2480"]
[BlackElo "2525"]

1. e4 c5 2. Nf3 e6 3. d4 cxd4 4. Nxd4 Nc6 5. Nc3 Qc7 6. g3 a6 7. Bg2 Nf6 8. O-O  Be7 9. Re1 Nxd4 10. Qxd4 Bc5 11. Qd1 d6 12. Be3 e5 13. Qd2 Be6 14. Bxc5 Qxc5  15. Rad1 Rd8 16. Re3 b5 17. a3 h6 18. h3 g5 19. Kh2 Ke7 20. Nd5+ Bxd5 21. exd5  Rc8 22. c3 Nd7 23. Be4 Rcf8 24. Bf5 Nb6 25. Re2 Kd8 26. Qd3 h5 27. Qe4 h4 28.  Kg2 hxg3 29. fxg3 Nc8 30. Rf2 Ne7 31. Bg4 f5 32. Bxf5 Rxh3 33. Rdd2 Rh6 34. Be6  Rfh8 35. Kf1 Rh1+ 36. Ke2 Rg1 37. Qb4 Qxb4 38. axb4 Rxg3 39. Rd1 Ng6 40. Kd2  Nf4 41. Bf5 0-1

[Event "Skopje ol (Men) fin-A"]
[Site "Skopje"]
[Date "1972.09.30"]
[Round "4.4"]
[White "Jansa, Vlastimil"]
[Black "Bellon Lopez, Juan Manuel"]
[Result "0-1"]
[WhiteElo "2480"]
[BlackElo "2385"]

1. e4 c5 2. Nf3 Nc6 3. d4 cxd4 4. Nxd4 g6 5. c4 Bg7 6. Be3 b6 7. Nc3 Bb7 8. Be2  Nf6 9. O-O O-O 10. f3 Rc8 11. Qd2 Ne8 12. Rfd1 d6 13. Rac1 Qd7 14. Nxc6 Bxc6  15. b4 Nc7 16. Bd4 Rfd8 17. Bxg7 Kxg7 18. Qe3 Qe6 19. Nd5 Bb7 20. Qc3+ f6 21.  Qa3 Rd7 22. Nf4 Qe5 23. Nd3 Qg5 24. f4 Qh6 25. Bg4 e6 26. Qxa7 Bxe4 27. Bxe6  Ra8 28. Qxa8 Nxa8 29. Bxd7 Bxd3 30. Rxd3 Qxf4 31. Rdd1 Qe3+ 32. Kh1 Qa3 33. b5  Nc7 34. Rc2 Qa4 35. Rdd2 d5 36. c5 bxc5 37. Rxc5 Qb4 38. Rd1 Qxc5 0-1

[Event "Skopje ol (Men) fin-A"]
[Site "Skopje"]
[Date "1972.09.30"]
[Round "4.4"]
[White "Olsson, Ake"]
[Black "Partos, Charles"]
[Result "0-1"]
[WhiteElo "2380"]
[BlackElo "2425"]

1. e4 c5 2. Nf3 g6 3. d4 Bg7 4. Nc3 cxd4 5. Nxd4 Nc6 6. Be3 Nf6 7. Be2 O-O 8.  Nb3 a5 9. a4 d6 10. O-O Be6 11. f4 Nd7 12. Nd4 Nxd4 13. Bxd4 Bxd4+ 14. Qxd4 Qb6  15. Nb5 Rac8 16. Qxb6 Nxb6 17. c3 Bb3 18. f5 Bxa4 19. f6 Bxb5 20. Bxb5 exf6 21.  Rxf6 Rc5 22. Be2 Rd8 23. Raf1 Rc7 24. Rd1 Na4 25. e5 Nxb2 26. exd6 Rc6 27. Rd4  Kg7 28. Rf1 Rdxd6 29. Bf3 Rxd4 30. cxd4 Rb6 31. Bd5 f5 32. Rc1 Nd3 33. Rc7+ Kf6  34. h4 g5 35. hxg5+ Kxg5 36. Bxb7 Nb4 37. Bf3 a4 38. Be2 Nd5 39. Ra7 Rb4 40.  Bf3 Nc3 41. d5 Rd4 42. Rc7 Rd3 43. Ra7 a3 44. Rxa3 Ne2+ 45. Bxe2 Rxa3 46. Kf2  Kf4 47. Bf3 Ra2+ 48. Ke1 Ke3 49. Kd1 h5 0-1

[Event "Skopje ol (Men) fin-A"]
[Site "Skopje"]
[Date "1972.09.30"]
[Round "4.4"]
[White "Rukavina, Josip"]
[Black "Hartoch, Robert G"]
[Result "1/2-1/2"]
[WhiteElo "2480"]
[BlackElo "2430"]

1. Nf3 g6 2. d4 Bg7 3. e4 d6 4. Bc4 c6 5. Qe2 Nf6 6. e5 dxe5 7. dxe5 Nd5 8. h3  O-O 9. O-O Nc7 10. Rd1 Qe8 11. a4 Be6 12. Na3 Nd7 13. Bxe6 Nxe6 14. Nc4 Qc8 15.  b3 Qc7 16. Bb2 Rfd8 1/2-1/2

[Event "Skopje ol (Men) fin-A"]
[Site "Skopje"]
[Date "1972.09.30"]
[Round "4.4"]
[White "Vogt, Lothar"]
[Black "Dueball, Juergen"]
[Result "1/2-1/2"]
[WhiteElo "2390"]
[BlackElo "2425"]

1. e4 c5 2. Nf3 d6 3. d4 cxd4 4. Nxd4 Nf6 5. Nc3 Nc6 6. Bc4 Qb6 7. Ndb5 a6 8.  Be3 Qa5 9. Nd4 g6 10. O-O Bg7 11. Nd5 Nxd5 12. exd5 Ne5 13. Bd3 Bd7 14. h3 Rc8  15. Qe2 Qc7 16. c3 O-O 17. Rfe1 Rfe8 18. Rad1 b5 19. Bg5 Qc5 20. a3 h6 21. Be3  Qc7 22. Bc1 Nc4 23. Qe4 Qc5 24. Bc2 e5 25. dxe6 Bxe6 26. Qh4 g5 27. Qe4 Kf8 28.  Nxe6+ Rxe6 29. Qb7 Rce8 30. Rxe6 Rxe6 31. Bd3 Be5 32. Bxc4 Qxc4 33. Qxa6 g4 34.  Qa8+ Kg7 35. Qd5 Qxd5 36. Rxd5 Bxc3 37. Bxh6+ Kxh6 38. bxc3 gxh3 39. gxh3 Re1+  40. Kg2 Ra1 41. Rxd6+ Kg7 42. Ra6 Rc1 43. Rc6 Ra1 44. Kf3 Rxa3 45. Ke4 Rb3 46.  h4 Rb2 47. f4 Re2+ 48. Kf5 Rh2 49. Kg4 Rg2+ 50. Kf3 Rh2 51. Kg3 Rb2 52. h5 b4  53. c4 b3 54. Rb6 Rc2 55. Rxb3 Rxc4 56. Kg4 Rc6 57. Rb7 Ra6 58. Kg5 Ra5+ 59. f5  Ra6 60. h6+ 1/2-1/2

[Event "Skopje ol (Men) fin-A"]
[Site "Skopje"]
[Date "1972.10.01"]
[Round "5.1"]
[White "Bobotsov, Milko G"]
[Black "Donner, Jan Hein"]
[Result "1/2-1/2"]
[WhiteElo "2455"]
[BlackElo "2470"]

1. d4 d5 2. c4 c6 3. cxd5 cxd5 4. Nc3 Nc6 5. Nf3 Nf6 6. Bf4 e6 7. e3 Bd6 8. Bg3  O-O 9. Bd3 b6 10. O-O Bxg3 11. hxg3 Bb7 12. Rc1 1/2-1/2

[Event "Skopje ol (Men) fin-A"]
[Site "Skopje"]
[Date "1972.10.01"]
[Round "5.1"]
[White "Hamann, Svend"]
[Black "Pomar Salamanca, Arturo"]
[Result "1/2-1/2"]
[WhiteElo "2490"]
[BlackElo "2460"]

1. d4 Nf6 2. c4 e6 3. Nf3 Bb4+ 4. Nbd2 b6 5. e3 Bb7 6. Bd3 Bxd2+ 7. Nxd2 d5 8.  O-O O-O 9. b3 c5 10. dxc5 bxc5 11. Bb2 Nc6 12. cxd5 exd5 13. Rc1 d4 14. Ne4  Nxe4 15. Bxe4 Qe8 16. Qf3 Ne5 17. Qf5 Bxe4 18. Qxe4 Ng6 19. Qf3 dxe3 20. Qxe3  Qxe3 21. fxe3 Rfe8 22. Kf2 Rac8 23. Rfd1 Re6 24. Rc4 h6 25. Rdc1 Rce8 26. R4c3  Ne5 27. h3 Rd8 28. Ke2 Rg6 29. g4 h5 30. Rxc5 Nd3 31. Rd1 Rgd6 32. Rxd3 Rxd3  33. Bd4 R3xd4 34. exd4 hxg4 35. hxg4 Rxd4 1/2-1/2

[Event "Skopje ol (Men) fin-A"]
[Site "Skopje"]
[Date "1972.10.01"]
[Round "5.1"]
[White "Hort, Vlastimil"]
[Black "Rossetto, Hector"]
[Result "1-0"]
[WhiteElo "2600"]
[BlackElo "2465"]

1. d4 Nf6 2. c4 e6 3. Nc3 d5 4. Bg5 Be7 5. e3 h6 6. Bh4 O-O 7. Rc1 c6 8. Nf3  Nbd7 9. Bd3 dxc4 10. Bxc4 b5 11. Bd3 a6 12. a4 bxa4 13. Nxa4 Qa5+ 14. Nd2 Bb4  15. Nc3 Bb7 16. O-O c5 17. Nb3 Qd8 18. Na2 Rc8 19. Qe2 Qb6 20. Nxb4 cxb4 21.  Ra1 Ra8 22. Na5 Be4 23. Bc4 Rfc8 24. f3 Bd5 25. b3 e5 26. e4 Bxc4 27. Nxc4  Qxd4+ 28. Bf2 Qc3 29. Rab1 Nc5 30. Nb6 Nxb3 31. Nxa8 Rxa8 32. Be1 Nd4 33. Qf2  Qd3 34. Bxb4 Nh5 35. Rfd1 Qc4 36. Bd2 Nf4 37. Bxf4 Ne2+ 38. Kh1 Nxf4 39. Qd2 a5  40. g3 Ne2 41. Qd3 Qxd3 42. Rxd3 a4 43. Ra3 Nd4 44. Kg2 g5 45. Rb2 Ra6 46. Rba2  Rf6 47. Rf2 Ra6 48. Rfa2 Rf6 49. Rc3 Rb6 50. Rc4 Rb3 51. f4 gxf4 52. gxf4 Ne6  53. fxe5 Nf4+ 54. Kf1 Rb1+ 55. Kf2 Nd3+ 56. Ke3 Nxe5 57. Rcxa4 Rb3+ 58. Kf4  Ng6+ 59. Kg4 Kg7 60. R2a3 Rb1 61. Rg3 Rf1 62. Kh3 Rf2 63. Ra5 Re2 64. Rg4 Re3+  65. Kg2 Rb3 66. h4 Kf6 67. Rf5+ Ke6 68. Rh5 Rb2+ 69. Kf1 Ke7 70. Rxh6 Ne5 71.  Rf4 Rb1+ 72. Ke2 Rb2+ 73. Ke3 f6 74. h5 1-0

[Event "Skopje ol (Men) fin-A"]
[Site "Skopje"]
[Date "1972.10.01"]
[Round "5.2"]
[White "Bilek, Istvan"]
[Black "Jansson, Borje"]
[Result "1/2-1/2"]
[WhiteElo "2485"]
[BlackElo "2410"]

1. g3 g6 2. Bg2 Bg7 3. Nf3 c5 4. O-O Nc6 5. d3 d6 6. Nc3 e6 7. Bg5 Nge7 8. Qc1  h6 9. Bd2 Rb8 10. e4 Nd4 11. Nxd4 cxd4 12. Ne2 Bd7 13. c4 b5 14. b3 Qb6 15. Kh1  Nc6 16. Bf4 Ne5 17. Qd2 h5 18. Rac1 h4 19. Bxe5 dxe5 20. c5 Qb7 21. Kg1 hxg3  22. hxg3 Bc6 23. f4 exf4 24. gxf4 e5 25. Rf3 Qe7 26. b4 f5 27. Ng3 fxe4 28.  Nxe4 Bxe4 29. dxe4 Bh6 30. Rh3 Kf7 31. Rf1 Bxf4 32. Rxf4+ exf4 33. Qxf4+ Kg7  34. e5 Rxh3 35. Bxh3 Rh8 36. Kg2 Rd8 37. c6 Rf8 38. Qxd4 Qg5+ 39. Kh2 Rd8 40.  Bd7 Rh8+ 41. Bh3 Rh4 42. Qxa7+ Kh6 43. c7 Qxe5+ 44. Kg2 Qe4+ 45. Kg3 Qe1+ 46.  Kg2 Qe4+ 1/2-1/2

[Event "Skopje ol (Men) fin-A"]
[Site "Skopje"]
[Date "1972.10.01"]
[Round "5.2"]
[White "Byrne, Robert E"]
[Black "Ivkov, Borislav"]
[Result "1/2-1/2"]
[WhiteElo "2560"]
[BlackElo "2520"]

1. e4 e5 2. Nf3 Nc6 3. Bb5 a6 4. Ba4 Nf6 5. O-O Be7 6. Re1 b5 7. Bb3 d6 8. c3  O-O 9. h3 Na5 10. Bc2 c5 11. d4 Qc7 12. Nbd2 Re8 13. Nf1 Bf8 14. Bg5 Nd7 15. b3  Nb6 16. Rc1 Nc6 17. Bb1 Ne7 18. Ng3 a5 19. Be3 a4 20. Nd2 axb3 21. axb3 Bd7 22.  f4 exf4 23. Bxf4 Rac8 24. Nf3 Ng6 25. Be3 cxd4 26. cxd4 Qd8 27. Qd3 Nh4 28. Bf2  Nxf3+ 29. Qxf3 g6 30. Rxc8 Nxc8 31. Ne2 Bg7 32. Rf1 Rf8 33. Nf4 Ne7 1/2-1/2

[Event "Skopje ol (Men) fin-A"]
[Site "Skopje"]
[Date "1972.10.01"]
[Round "5.2"]
[White "Garcia, Raimundo"]
[Black "Smejkal, Jan"]
[Result "1/2-1/2"]
[WhiteElo "2420"]
[BlackElo "2545"]

1. d4 Nf6 2. c4 g6 3. Nc3 d5 4. cxd5 Nxd5 5. e4 Nxc3 6. bxc3 c5 7. Bc4 Bg7 8.  Ne2 O-O 9. O-O Nc6 10. Be3 Qc7 11. Rc1 Rd8 12. f3 b6 13. Qe1 Bb7 14. Qh4 Qd7  15. Bb5 cxd4 16. cxd4 a6 17. Bxc6 Bxc6 18. d5 Bb5 19. Rfe1 Rdc8 20. Nd4 Ba4 21.  Qf2 e6 22. dxe6 fxe6 23. Nb3 Bxb3 24. axb3 Rxc1 25. Rxc1 b5 26. b4 a5 27. bxa5  Rxa5 28. Qc2 Ra1 29. Rxa1 Bxa1 30. Qb3 Kf7 31. Kf2 Bd4 32. Ke2 Bxe3 33. Kxe3  Qa7+ 34. Kd3 Qg1 35. Qb2 h5 36. h4 Qc5 37. Qd4 Qa3+ 38. Kc2 Qa2+ 39. Kc1 Qxg2  40. Qd7+ Kf6 41. Qd4+ 1/2-1/2

[Event "Skopje ol (Men) fin-A"]
[Site "Skopje"]
[Date "1972.10.01"]
[Round "5.2"]
[White "Pfleger, Helmut"]
[Black "Bednarski, Jacek B"]
[Result "1/2-1/2"]
[WhiteElo "2545"]
[BlackElo "2395"]

1. Nf3 c5 2. c4 g6 3. g3 Bg7 4. Bg2 Nc6 5. O-O e6 6. Nc3 Nge7 7. d3 O-O 8. Bd2  d5 9. Qc1 b6 10. Rd1 Bb7 11. Bh6 d4 12. Nb5 a6 13. Na3 Qc7 14. Nc2 Nf5 15. Bxg7  Kxg7 16. Rb1 a5 17. a3 Ne5 18. Nxe5 Bxg2 19. Kxg2 Qxe5 20. Qd2 h5 21. Ne1 Qc7  22. Nf3 e5 23. b4 1/2-1/2